[Event "Edward Lasker Memorial 99th"]
[Site "New York"]
[Date "2015.12.13"]
[Round "4"]
[White "Kumar, Aravind"]
[Black "Sena, Juan Oscar"]
[Result "1-0"]
[WhiteElo "2317"]
[BlackElo "2078"]
[PlyCount "38"]
[EventDate "2015.12.11"]
[EventType "swiss"]
[EventRounds "9"]
[EventCountry "USA"]
[SourceTitle "CBM 170 Extra"]
[Source "ChessBase"]
[SourceDate "2016.02.25"]
[SourceVersion "1"]
[SourceVersionDate "2016.02.25"]
[SourceQuality "1"]

1. d4 Nf6 2. c4 e6 3. Nc3 d5 4. cxd5 exd5 5. Bg5 Be7 6. e3 c6 7. Bd3 Nbd7 8. Nge2 0-0 9. Qc2 Re8 10. 0-0 Nf8 11. Rac1 Be6 12. f3 Rc8 13. e4 dxe4 14. fxe4 c5 15. Bxf6 Bxf6 16. e5 cxd4 17. exf6 dxc3 18. Nxc3 Qd4+ 19. Kh1 gxf6 1-0

[Event "USA tt"]
[Site "ICC INT"]
[Date "2015.08.25"]
[Round "1"]
[White "Salisbury, John"]
[Black "Kumar, Aravind"]
[Result "1/2-1/2"]
[WhiteElo "1988"]
[BlackElo "2182"]
[PlyCount "158"]
[EventDate "2015.08.25"]
[EventType "team-swiss"]
[EventRounds "10"]
[EventCountry "USA"]
[SourceTitle "EXT 2016"]
[Source "ChessBase"]
[SourceDate "2015.10.08"]
[SourceVersion "1"]
[SourceVersionDate "2015.10.08"]
[SourceQuality "1"]
[WhiteTeam "Miami"]
[BlackTeam "New York"]
[WhiteTeamCountry "USA"]
[BlackTeamCountry "USA"]

1. e4 c6 2. d4 d5 3. exd5 cxd5 4. c4 Nf6 5. Nc3 e6 6. c5 b6 7. b4 a5 8. Na4 bxc5 9. bxc5 Nfd7 10. Bb5 Ba6 11. Qe2 Bxb5 12. Qxb5 Qc7 13. Nf3 Qc6 14. Rb1 Be7 15. 0-0 0-0 16. Re1 Bf6 17. Bf4 Rd8 18. Bd2 Qxb5 19. Rxb5 Nc6 20. Bc3 h5 21. h4 Kh7 22. Re2 Kg6 23. Nb6 Ra6 24. Reb2 Kf5 25. Nxd7 Rxd7 26. Rb6 Rxb6 27. Rxb6 Rc7 28. Ra6 Ke4 29. Bxa5 Nxa5 30. Rxa5 Bxd4 31. Nd2+ Kd3 32. Nb3 e5 33. c6 Kc4 34. Nd2+ Kd3 35. Nb3 Ke2 36. Nc1+ Kd2 37. Nb3+ Ke2 38. Nc1+ Ke1 39. Nd3+ Kd2 40. Nxe5 Ke2 41. Rxd5 Bxf2+ 42. Kh2 f6 43. Nf3 Rxc6 44. Nd4+ Bxd4 45. Rxd4 Ke3 46. Rb4 Rc2 47. a4 Ra2 48. Kh3 Ra3 49. Kh2 f5 50. Rc4 g6 51. Rb4 Kf2 52. Rf4+ Ke3 53. Rb4 Ke2 54. Rc4 Kd2 55. Rb4 Kd3 56. Rf4 Ke2 57. Rb4 Ke3 58. Rc4 Ra2 59. Rb4 f4 60. Rc4 Ra3 61. Rb4 Ra1 62. Rc4 Ra2 63. Rb4 Ra3 64. Rc4 Ra1 65. Rb4 Ra2 66. Rc4 Rd2 67. Rb4 Rc2 68. Rb3+ Ke4 69. Ra3 Rc6 70. a5 Ra6 71. Kg1 Kf5 72. Kf2 Kg4 73. Ra4 Kxh4 74. Rxf4+ Kg5 75. Ra4 Kf5 76. Kg3 g5 77. Kh3 Ke5 78. Kg3 Kd5 79. Kf3 Ke5 1/2-1/2

[Event "World op 43rd"]
[Site "Arlington"]
[Date "2015.07.04"]
[Round "6"]
[White "Kumar, Aravind"]
[Black "Ippolito, Dean"]
[Result "1-0"]
[WhiteElo "2178"]
[BlackElo "2395"]
[PlyCount "111"]
[EventDate "2015.07.01"]
[EventType "swiss"]
[EventRounds "9"]
[EventCountry "USA"]
[SourceTitle "CBM 167 Extra"]
[Source "ChessBase"]
[SourceDate "2015.09.14"]
[SourceVersion "1"]
[SourceVersionDate "2015.09.14"]
[SourceQuality "1"]

1. d4 e6 2. c4 Nf6 3. Nc3 Bb4 4. f3 d5 5. a3 Bxc3+ 6. bxc3 c5 7. cxd5 Nxd5 8. dxc5 Qa5 9. e4 Ne7 10. Be3 0-0 11. Qb3 Qc7 12. Bb5 Nec6 13. Ne2 e5 14. 0-0 Be6 15. Qc2 Na5 16. Rab1 a6 17. Ba4 Nc4 18. Qc1 Rd8 19. Nd4 exd4 20. cxd4 Qa5 21. Rb4 Nxe3 22. Qxe3 Nc6 23. Bxc6 bxc6 24. Rfb1 Ra7 25. Rb6 Rad7 26. R1b4 h6 27. Kf2 Rc8 28. g4 Kh7 29. h3 f6 30. Kg3 Bf7 31. h4 Kg8 32. Kf2 Kh7 33. Ke2 Kg8 34. Qd3 Kf8 35. Qc2 Qxa3 36. Ra4 Bb3 37. Qxb3 Qc1 38. Qd1 Qf4 39. Rbxa6 Rb7 40. Rb6 Re7 41. Qg1 Rce8 42. Ra3 h5 43. gxh5 Qxh4 44. Rxc6 Qxh5 45. Kf2 Qh6 46. Re3 Ra7 47. Re2 Rea8 48. Qg3 Qh1 49. Qd6+ Kg8 50. Qe6+ Kh7 51. Kg3 Qg1+ 52. Rg2 Qe1+ 53. Kh2 Rh8 54. Qh3+ Kg8 55. Rc8+ Kf7 56. Qxh8 1-0

[Event "Wch U12"]
[Site "Durban"]
[Date "2014.09.26"]
[Round "8"]
[White "Peng, David T"]
[Black "Kumar, Aravind"]
[Result "1-0"]
[WhiteElo "2011"]
[BlackElo "2152"]
[PlyCount "79"]
[EventDate "2014.09.20"]
[EventType "swiss"]
[EventRounds "11"]
[EventCountry "RSA"]
[SourceTitle "CBM 162 Extra"]
[Source "ChessBase"]
[SourceDate "2014.10.17"]
[SourceVersion "1"]
[SourceVersionDate "2014.10.17"]
[SourceQuality "1"]

1. e4 e6 2. d4 d5 3. Nd2 dxe4 4. Nxe4 Bd7 5. Nf3 Bc6 6. Ng3 Nd7 7. Bd3 Ngf6 8. 0-0 Be7 9. c4 Bxf3 10. Qxf3 c6 11. b3 0-0 12. Bb2 Qa5 13. a3 Rfe8 14. Rfe1 Rad8 15. Re3 Nf8 16. h4 Rd7 17. Rae1 Qd8 18. Bb1 Qa5 19. b4 Qc7 20. Ba2 Red8 21. h5 h6 22. Bb1 N8h7 23. Qe2 Bf8 24. Ne4 Qf4 25. Rg3 Nxe4 26. Bxe4 Bd6 27. d5 Ng5 28. dxc6 bxc6 29. Bxc6 Rc7 30. Bb5 f6 31. c5 Be7 32. Bc1 Qd4 33. Bxg5 hxg5 34. Qxe6+ Kh7 35. Bd3+ Kh8 36. Qf5 g6 37. hxg6 Rd5 38. Rh3+ Kg7 39. Rh7+ Kf8 40. g7+ 1-0

[Event "Wch U12"]
[Site "Durban"]
[Date "2014.09.23"]
[Round "6"]
[White "Stefansson, Vignir Vatnar"]
[Black "Kumar, Aravind"]
[Result "0-1"]
[WhiteElo "1963"]
[BlackElo "2152"]
[PlyCount "46"]
[EventDate "2014.09.20"]
[EventType "swiss"]
[EventRounds "11"]
[EventCountry "RSA"]
[SourceTitle "CBM 162 Extra"]
[Source "ChessBase"]
[SourceDate "2014.10.17"]
[SourceVersion "1"]
[SourceVersionDate "2014.10.17"]
[SourceQuality "1"]

1. d4 d5 2. c4 c6 3. Nf3 Nf6 4. e3 Bf5 5. Nc3 e6 6. Nh4 Be4 7. f3 Bg6 8. Qb3 Qc7 9. Nxg6 hxg6 10. Bd2 dxc4 11. Bxc4 b5 12. Bd3 Rxh2 13. 0-0-0 Rxg2 14. Ne2 Nbd7 15. Nf4 Rg3 16. Kb1 a6 17. Rc1 Qd6 18. Rh8 0-0-0 19. Ba5 Re8 20. a4 Kb7 21. axb5 axb5 22. Rh2 Ra8 23. Be1 Rg1 0-1

[Event "New York State-ch 136th"]
[Site "Albany"]
[Date "2014.09.01"]
[Round "6"]
[White "Chi, Patrick"]
[Black "Kumar, Aravind"]
[Result "1-0"]
[WhiteElo "2123"]
[BlackElo "2152"]
[PlyCount "79"]
[EventDate "2014.08.29"]
[EventType "swiss"]
[EventRounds "6"]
[EventCountry "USA"]
[SourceTitle "CBM 162 Extra"]
[Source "ChessBase"]
[SourceDate "2014.10.17"]
[SourceVersion "1"]
[SourceVersionDate "2014.10.17"]
[SourceQuality "1"]

1. d4 d5 2. c4 c6 3. Nf3 Nf6 4. Nc3 e6 5. e3 Nbd7 6. Qc2 Bd6 7. b3 0-0 8. Be2 Re8 9. 0-0 dxc4 10. bxc4 e5 11. Bb2 exd4 12. exd4 Nf8 13. h3 Ng6 14. Rfe1 Nf4 15. Bf1 g6 16. Qd2 Bf5 17. Rxe8+ Qxe8 18. Re1 Qf8 19. Ne5 Qh6 20. Bc1 Bb4 21. Qb2 Ba5 22. Qxb7 Rf8 23. Qb2 g5 24. Nxc6 Bxh3 25. gxh3 Nxh3+ 26. Bxh3 Qxh3 27. Nxa5 Ng4 28. Nd1 Nh2 29. Re3 Nf3+ 30. Rxf3 Qxf3 31. Ne3 g4 32. Qb7 Qe2 33. Nb3 g3 34. fxg3 Re8 35. Qg2 Qe1+ 36. Qf1 Qb4 37. Kg2 Qb7+ 38. Qf3 Qd7 39. Nf5 Re6 40. Nc5 1-0

[Event "Continental Class-ch 4th"]
[Site "Arlington"]
[Date "2013.10.14"]
[Round "9"]
[White "Kumar, Aravind"]
[Black "Nieto, Guillermo Luigui"]
[Result "1-0"]
[WhiteElo "2066"]
[BlackElo "1978"]
[PlyCount "29"]
[EventDate "2013.10.09"]
[EventType "swiss"]
[EventRounds "9"]
[EventCountry "USA"]
[SourceTitle "CBM 156 Extra"]
[Source "ChessBase"]
[SourceDate "2013.10.22"]
[SourceVersion "1"]
[SourceVersionDate "2013.10.22"]
[SourceQuality "1"]

1. d4 Nf6 2. c4 e6 3. Nc3 Bb4 4. f3 Bxc3+ 5. bxc3 Nc6 6. e4 d5 7. cxd5 exd5 8. e5 Nd7 9. f4 Nb6 10. Nf3 Bf5 11. Bd3 Qd7 12. 0-0 0-0 13. Bxf5 Qxf5 14. Nh4 Qd7 15. f5 1-0

[Event "Continental Class-ch 4th"]
[Site "Arlington"]
[Date "2013.10.13"]
[Round "8"]
[White "Nieto, Manuel Valerio Wald"]
[Black "Kumar, Aravind"]
[Result "1/2-1/2"]
[WhiteElo "2014"]
[BlackElo "2066"]
[PlyCount "51"]
[EventDate "2013.10.09"]
[EventType "swiss"]
[EventRounds "9"]
[EventCountry "USA"]
[SourceTitle "CBM 156 Extra"]
[Source "ChessBase"]
[SourceDate "2013.10.22"]
[SourceVersion "1"]
[SourceVersionDate "2013.10.22"]
[SourceQuality "1"]

1. Nf3 Nf6 2. c4 c6 3. d4 d5 4. cxd5 cxd5 5. Nc3 Nc6 6. Bf4 a6 7. Rc1 e6 8. e3 Bd6 9. Bxd6 Qxd6 10. Bd3 0-0 11. 0-0 h6 12. Na4 Nd7 13. Bb1 f5 14. h3 b5 15. Nc5 Nxc5 16. Rxc5 Bd7 17. Qc2 Rac8 18. Rc1 Na5 19. b3 Nb7 20. Rxc8 Rxc8 21. Qd2 Rxc1+ 22. Qxc1 Qc6 23. Qxc6 Bxc6 24. Ne5 Be8 25. Bd3 Kf8 26. Kf1 1/2-1/2